|
|
|
|
| LEADER |
00000nam0a2200000 4500 |
| 001 |
188574 |
| 005 |
20231101224138.0 |
| 010 |
|
|
|a 9785238019475
|
| 035 |
|
|
|a (RuTPU)RU\TPU\book\204822
|
| 090 |
|
|
|a 188574
|
| 100 |
|
|
|a 20101210d2011 m y0rusy50 ca
|
| 101 |
0 |
|
|a rus
|
| 102 |
|
|
|a RU
|
| 105 |
|
|
|a y j 001zy
|
| 200 |
1 |
|
|a Экономическая безопасность государства и регионов
|e учебное пособие для вузов
|f В. В. Криворотов, А. В. Калина, Н. Д. Эриашвили
|
| 210 |
|
|
|a Москва
|c ЮНИТИ-ДАНА
|d 2011
|
| 215 |
|
|
|a 351 с.
|
| 320 |
|
|
|a Библиография в конце глав.
|
| 330 |
|
|
|a Рассмотрены теоретические и методологические подходы к формированию понятия и основ исследования экономической безопасности ведущих отечественных научных школ. Исследованы основные угрозы экономической безопасности России и ее регионам; проанализировано их появление на современном этапе, а также на различных этапах реформирования российской экономики. Рассмотрены подходы к формированию индикаторов экономической безопасности наиболее известных российских авторов; дана комплексная методика и приведены результаты диагностики экономической безопасности регионов Российской Федерации. Для студентов, обучающихся по специальности «Финансы и кредит» (специализация «Экономическая и финансовая безопасность»), а также другим специальностям экономики и управления. Может быть полезно для специалистов органов государственной власти всех уровней, занимающихся вопросами государственного управления экономикой и экономического развития территорий.
|
| 606 |
1 |
|
|a Экономическая безопасность
|2 stltpush
|3 (RuTPU)RU\TPU\subj\37363
|9 58393
|
| 610 |
1 |
|
|a экономика
|
| 610 |
1 |
|
|a Россия
|
| 610 |
1 |
|
|a регионы
|
| 610 |
1 |
|
|a территории
|
| 610 |
1 |
|
|a устойчивое развитие
|
| 610 |
1 |
|
|a угрозы
|
| 610 |
1 |
|
|a внешние угрозы
|
| 610 |
1 |
|
|a диагностика
|
| 610 |
1 |
|
|a исследования
|
| 610 |
1 |
|
|a методы
|
| 610 |
1 |
|
|a индикаторы
|
| 610 |
1 |
|
|a пороговые значения
|
| 610 |
1 |
|
|a теневая экономика
|
| 610 |
1 |
|
|a коррупция
|
| 610 |
1 |
|
|a недружественные захваты
|
| 610 |
1 |
|
|a учебные пособия
|
| 686 |
|
|
|a У9(2)0-98я73
|v LBC/SL-A
|2 rubbk
|
| 700 |
|
1 |
|a Криворотов
|b В. В.
|g Вадим Васильевич
|
| 701 |
|
1 |
|a Калина
|b А. В.
|g Алексей Владимирович
|
| 701 |
|
1 |
|a Эриашвили
|b Н. Д.
|g Нодари Дарчоевич
|
| 801 |
|
1 |
|a RU
|b 63413507
|c 20101210
|
| 801 |
|
2 |
|a RU
|b 63413507
|c 20110408
|g RCR
|
| 900 |
|
|
|a Экономическая безопасность
|
| 942 |
|
|
|c BK
|
| 959 |
|
|
|a 89/20101208
|d 1
|e 350,00
|f ЧЗГЛ:1
|